[Event "Catalunya-chT Gp1"]
[Site "Barcelona"]
[Date "2017.02.18"]
[Round "5.6"]
[White "Rocabert Andreu, Guillem A"]
[Black "Ezquerro Luque, Albert"]
[Result "1/2-1/2"]
[WhiteElo "2192"]
[BlackElo "2127"]
[PlyCount "39"]
[EventDate "2017.01.21"]
[EventType "team-tourn"]
[EventRounds "7"]
[EventCountry "ESP"]
[SourceTitle "EXT 2018"]
[Source "ChessBase"]
[SourceDate "2017.10.13"]
[SourceVersion "1"]
[SourceVersionDate "2017.10.13"]
[SourceQuality "1"]
[WhiteTeam "Figueres"]
[BlackTeam "Peona I Peo"]
[WhiteTeamCountry "ESP"]
[BlackTeamCountry "ESP"]

1. Nf3 d5 2. d4 Nf6 3. c4 e6 4. Nc3 Bb4 5. a3 Bxc3+ 6. bxc3 Ne4 7. Qc2 Nd7 8. e3 0-0 9. Bd3 f5 10. cxd5 exd5 11. c4 c6 12. cxd5 cxd5 13. 0-0 Nb6 14. a4 Rf7 15. Ne5 Rc7 16. Qa2 Be6 17. f3 Nd6 18. Bd2 Nbc4 19. Rfc1 Rac8 20. Rab1 1/2-1/2

[Event "Catalunya-chT Gp1 final"]
[Site "Barcelona"]
[Date "2016.04.16"]
[Round "4.2"]
[White "Rocabert Andreu, Guillem A"]
[Black "Valdes Romero, Leonardo"]
[Result "0-1"]
[WhiteElo "2216"]
[BlackElo "2375"]
[PlyCount "90"]
[EventDate "2016.03.12"]
[EventType "team-tourn"]
[EventRounds "4"]
[EventCountry "ESP"]
[SourceTitle "EXT 2017"]
[Source "ChessBase"]
[SourceDate "2016.10.25"]
[SourceVersion "1"]
[SourceVersionDate "2016.10.25"]
[SourceQuality "1"]
[WhiteTeam "Figueres"]
[BlackTeam "Mollet"]
[WhiteTeamCountry "ESP"]
[BlackTeamCountry "ESP"]

1. d4 Nf6 2. Nf3 g6 3. g3 Bg7 4. Bg2 0-0 5. 0-0 d6 6. c4 Nc6 7. Nc3 e5 8. dxe5 Nxe5 9. Nxe5 dxe5 10. Qxd8 Rxd8 11. Be3 c6 12. Rad1 Be6 13. b3 a5 14. Na4 Nd7 15. Rd2 Bf8 16. Rfd1 Be7 17. f4 Bb4 18. Rd3 Bf5 19. Bb6 Bxd3 20. Bxd8 Bf5 21. Bc7 exf4 22. gxf4 Nc5 23. Bb6 Bc2 24. Rd4 Nxa4 25. bxa4 Bxa4 26. Rd7 Rb8 27. Kf1 Bc2 28. Ba7 Bf5 29. Rc7 Rc8 30. Rxb7 Be6 31. Rb6 Bxc4 32. Rxc6 Rxc6 33. Bxc6 Bxa2 34. Ba4 Kf8 35. Kf2 Ke7 36. Ke3 Bc4 37. Kf3 Be6 38. Ke4 Bd7 39. Bxd7 Kxd7 40. Kd5 Bd6 41. e3 f5 42. Bd4 Bb4 43. h3 Bd2 44. Kc4 Kc6 45. Kd3 Bc1 0-1

[Event "Benidorm op U2300 09th"]
[Site "Benidorm"]
[Date "2010.12.11"]
[Round "10"]
[White "Recuero Guerra, Javier"]
[Black "Rocabert Andreu, Guillem A"]
[Result "1-0"]
[WhiteElo "2287"]
[BlackElo "2227"]
[PlyCount "103"]
[EventDate "2010.12.03"]
[EventType "swiss"]
[EventRounds "10"]
[EventCountry "ESP"]
[SourceTitle "CBM 139 Extra"]
[Source "ChessBase"]
[SourceDate "2011.01.05"]
[SourceVersion "1"]
[SourceVersionDate "2011.01.05"]
[SourceQuality "1"]

1. e4 Nf6 2. e5 Nd5 3. d4 d6 4. c4 Nb6 5. exd6 exd6 6. Nc3 Be7 7. Bd3 Nc6 8. Nge2 Bg4 9. f3 Bh5 10. 0-0 0-0 11. b3 Bg6 12. Bxg6 hxg6 13. Be3 Re8 14. Qd2 Bf6 15. Kh1 Qe7 16. Bg1 Rad8 17. Rae1 Bh4 18. g3 Bg5 19. f4 Bf6 20. d5 Nb8 21. Nd4 Qd7 22. Ne4 c6 23. f5 g5 24. Ne6 fxe6 25. fxe6 Qe7 26. Nxf6+ gxf6 27. Bd4 Rf8 28. Rf5 Rde8 29. Ref1 N8d7 30. exd7 Nxd7 31. Qc2 Rf7 32. dxc6 bxc6 33. Rxg5+ fxg5 34. Qg6+ Rg7 35. Bxg7 Qe4+ 36. Qxe4 Rxe4 37. Bc3 Re2 38. Rf5 Rxa2 39. Rxg5+ Kf7 40. Rh5 Rc2 41. Rf5+ Ke6 42. Rf3 Nc5 43. Bd4 Ne4 44. h4 a5 45. Bg1 Re2 46. g4 Nf6 47. g5 Nh5 48. Bf2 Ke5 49. Kg2 Rb2 50. Kh3 Ng7 51. Kg4 Ke6 52. h5 1-0

[Event "Benidorm op U2300 09th"]
[Site "Benidorm"]
[Date "2010.12.10"]
[Round "9"]
[White "Rocabert Andreu, Guillem A"]
[Black "Martinez Rodriguez, Pablo"]
[Result "1/2-1/2"]
[WhiteElo "2227"]
[BlackElo "2286"]
[PlyCount "101"]
[EventDate "2010.12.03"]
[EventType "swiss"]
[EventRounds "10"]
[EventCountry "ESP"]
[SourceTitle "CBM 139 Extra"]
[Source "ChessBase"]
[SourceDate "2011.01.05"]
[SourceVersion "1"]
[SourceVersionDate "2011.01.05"]
[SourceQuality "1"]

1. d4 d5 2. Nf3 Nf6 3. c4 e6 4. Nc3 Bb4 5. cxd5 exd5 6. Bg5 h6 7. Bf4 g5 8. Bg3 Ne4 9. Nd2 Nxg3 10. hxg3 c6 11. Qc2 Be6 12. e3 Nd7 13. Bd3 Qe7 14. 0-0-0 0-0-0 15. Kb1 Kb8 16. a3 Bd6 17. Bf5 Nb6 18. Rh5 Qf6 19. g4 Rhe8 20. Rc1 Rc8 21. Bxe6 fxe6 22. Nf3 c5 23. Qd3 e5 24. dxe5 Bxe5 25. Rch1 Bxc3 26. Qxc3 Qxc3 27. bxc3 Re4 28. Rxh6 Rxg4 29. g3 Ra4 30. Nxg5 Rxa3 31. Rh8 Na4 32. g4 Rb3+ 33. Kc1 Rxc3+ 34. Kd2 c4 35. Ne6 Ra3 36. Rxc8+ Kxc8 37. Nd4 Nc5 38. f3 Ra2+ 39. Nc2 b5 40. Rh5 Nd3 41. Kc3 b4+ 42. Nxb4 Ra3+ 43. Kd4 Nxb4 44. g5 Rd3+ 45. Kc5 c3 46. Kxb4 c2 47. Rh8+ Kd7 48. Rh7+ Ke6 49. Rc7 Rxe3 50. Rxc2 Rxf3 51. Rg2 1/2-1/2

[Event "Benidorm op U2300 09th"]
[Site "Benidorm"]
[Date "2010.12.03"]
[Round "1"]
[White "Tonus, Alex"]
[Black "Rocabert Andreu, Guillem A"]
[Result "1/2-1/2"]
[WhiteElo "2053"]
[BlackElo "2227"]
[PlyCount "60"]
[EventDate "2010.12.03"]
[EventType "swiss"]
[EventRounds "10"]
[EventCountry "ESP"]
[SourceTitle "CBM 139 Extra"]
[Source "ChessBase"]
[SourceDate "2011.01.05"]
[SourceVersion "1"]
[SourceVersionDate "2011.01.05"]
[SourceQuality "1"]

1. e4 Nf6 2. e5 Nd5 3. d4 d6 4. Nf3 g6 5. Bc4 Nb6 6. Bb3 Bg7 7. Ng5 e6 8. Qf3 Qd7 9. Ne4 dxe5 10. Nf6+ Bxf6 11. Qxf6 Rg8 12. dxe5 Qd4 13. Bg5 Nc6 14. Nc3 Nd7 15. Qf4 Qxf4 16. Bxf4 g5 17. Bg3 a6 18. 0-0-0 Nc5 19. Rhe1 Bd7 20. Ne4 Nxe4 21. Rxe4 Ne7 22. f3 Bc6 23. Re2 Rd8 24. Red2 Rxd2 25. Rxd2 Bd5 26. c4 Bc6 27. Bc2 h5 28. h4 g4 29. f4 b5 30. b3 Bd7 1/2-1/2

[Event "Benidorm op U2300 08th"]
[Site "Benidorm"]
[Date "2009.12.03"]
[Round "6"]
[White "Rocabert Andreu, Guillem A"]
[Black "Plaza Pardo, Daniel"]
[Result "1/2-1/2"]
[WhiteElo "2222"]
[BlackElo "2149"]
[PlyCount "32"]
[EventDate "2009.11.28"]
[EventType "swiss"]
[EventRounds "10"]
[EventCountry "ESP"]
[SourceTitle "CBM 133 Extra"]
[Source "ChessBase"]
[SourceDate "2010.01.05"]
[SourceVersion "1"]
[SourceVersionDate "2010.01.05"]
[SourceQuality "1"]

1. Nf3 Nf6 2. c4 g6 3. Nc3 Bg7 4. g3 0-0 5. Bg2 d6 6. 0-0 Nc6 7. d3 e5 8. Rb1 a5 9. a3 h6 10. b4 axb4 11. axb4 Nd7 12. Nd5 f5 13. e3 Ne7 14. Ne1 c6 15. Nxe7+ Qxe7 16. Bb2 Nf6 1/2-1/2

[Event "Benidorm op U2300 06th"]
[Site "Benidorm"]
[Date "2007.12.04"]
[Round "5"]
[White "Corbalan Gomez, Juan Jose"]
[Black "Rocabert Andreu, Guillem A"]
[Result "1/2-1/2"]
[WhiteElo "2144"]
[BlackElo "2234"]
[PlyCount "42"]
[EventDate "2007.11.30"]
[EventType "swiss"]
[EventRounds "9"]
[EventCountry "ESP"]
[SourceTitle "CBM 121 Extra"]
[Source "ChessBase"]
[SourceDate "2008.01.10"]
[SourceVersion "1"]
[SourceVersionDate "2008.01.10"]
[SourceQuality "1"]

1. e4 Nf6 2. e5 Nd5 3. d4 d6 4. Nf3 g6 5. Bc4 Nb6 6. Bb3 Bg7 7. 0-0 0-0 8. h3 Nc6 9. exd6 cxd6 10. Re1 Na5 11. Bg5 Re8 12. Qd2 Nxb3 13. axb3 Bf5 14. Nc3 f6 15. Bf4 e5 16. Bg3 a6 17. d5 g5 18. Nh2 Bg6 19. f3 Rc8 20. Bf2 h6 21. Nf1 Qc7 1/2-1/2

[Event "Benidorm op U2300 03rd"]
[Site "Benidorm"]
[Date "2004.11.27"]
[Round "9"]
[White "Farfan Ortiz, Enrique Alfredo"]
[Black "Rocabert Andreu, Guillem A"]
[Result "0-1"]
[WhiteElo "2246"]
[BlackElo "2248"]
[PlyCount "74"]
[EventDate "2004.11.19"]
[EventType "swiss"]
[EventRounds "9"]
[EventCountry "ESP"]
[SourceTitle "CBM 103 Extra"]
[Source "ChessBase"]
[SourceDate "2005.01.01"]
[SourceVersion "1"]
[SourceVersionDate "2005.01.01"]
[SourceQuality "1"]

1. d4 d5 2. Nf3 Nf6 3. Bf4 c5 4. e3 Nc6 5. c3 Qb6 6. Qb3 c4 7. Qxb6 axb6 8. Nbd2 b5 9. h3 b4 10. Be2 Bf5 11. g4 Bd7 12. 0-0 e6 13. e4 bxc3 14. bxc3 dxe4 15. Ng5 Nd5 16. Bg3 Nxc3 17. Bxc4 Nxd4 18. Ndxe4 Nxe4 19. Nxe4 Bc6 20. f3 Nxf3+ 21. Rxf3 Bxe4 22. Rff1 Bc5+ 23. Kh2 0-0 24. Rfd1 Rfd8 25. a4 h6 26. Bb5 Bf3 27. Rxd8+ Rxd8 28. Bf4 g5 29. Rf1 Be4 30. Bc1 Bd3 31. Rf3 Bd6+ 32. Kg1 Be4 33. Rf1 Rc8 34. Re1 Bd5 35. Bd3 Rc3 36. Bf1 Rc2 37. Be2 Bg3 0-1

[Event "Benidorm op U2300 02nd"]
[Site "Benidorm"]
[Date "2002.??.??"]
[Round "1.24"]
[White "Monserrat Castells, Julio"]
[Black "Rocabert Andreu, Guillem A"]
[Result "0-1"]
[WhiteElo "2107"]
[BlackElo "2234"]
[PlyCount "60"]
[EventDate "2002.11.22"]
[EventType "swiss"]
[EventRounds "9"]
[EventCountry "ESP"]
[SourceTitle "CBM 091 Extra"]
[Source "ChessBase"]
[SourceDate "2003.01.09"]
[SourceVersion "1"]
[SourceVersionDate "2003.01.09"]
[SourceQuality "1"]

1. d4 d5 2. Bg5 c6 3. c3 Bf5 4. Nf3 Nd7 5. e3 Qb6 6. Qb3 h6 7. Bh4 Ngf6 8. Nbd2 e6 9. Be2 Be7 10. Bg3 0-0 11. Ne5 Nxe5 12. Bxe5 Nd7 13. Nf3 c5 14. Qxb6 Nxb6 15. dxc5 Bxc5 16. Bd4 Rac8 17. a4 Be4 18. Bxc5 Rxc5 19. Ne5 Rd8 20. f3 Bc2 21. Bd1 Bxd1 22. Kxd1 d4 23. Nd3 dxc3 24. Ke2 Rxd3 25. Kxd3 cxb2 26. Rab1 Nxa4 27. Rhf1 f6 28. e4 b6 29. Rf2 Nc3 30. Rbxb2 Nd1 0-1

[Event "Vila de Poblenou op"]
[Site "Barcelona"]
[Date "2001.08.24"]
[Round "9.5"]
[White "Rocabert Andreu, Guillem A"]
[Black "Jerez Perez, Alfonso"]
[Result "0-1"]
[WhiteElo "2247"]
[BlackElo "2370"]
[PlyCount "78"]
[EventDate "2001.08.16"]
[EventType "swiss"]
[EventRounds "9"]
[EventCountry "ESP"]
[SourceTitle "EXT 2002"]
[Source "ChessBase"]
[SourceDate "2001.11.25"]
[SourceVersion "1"]
[SourceVersionDate "2001.11.25"]
[SourceQuality "1"]

1. c4 e5 2. Nc3 Nc6 3. g3 Bc5 4. Bg2 d6 5. a3 a6 6. e3 Nge7 7. b4 Ba7 8. Bb2 Bf5 9. d3 0-0 10. Nge2 Qd7 11. 0-0 Bh3 12. Qb3 Bxg2 13. Kxg2 f5 14. Nd5 Nxd5 15. cxd5 Ne7 16. d4 exd4 17. Bxd4 Bxd4 18. Nxd4 Kh8 19. Rac1 Rf6 20. h4 Ng6 21. Ne6 Rc8 22. Rc2 Ne5 23. Rfc1 c6 24. Nf4 Rff8 25. dxc6 bxc6 26. Qe6 Qc7 27. Kh3 Rce8 28. Qb3 Qd7 29. Kg2 Qb7 30. Rd1 d5 31. Kh3 Nc4 32. Qc3 Re7 33. Qd3 Re4 34. Re2 Qe7 35. Kg2 Qf6 36. Rde1 Rfe8 37. f3 R4e7 38. e4 Ne5 39. Qd4 Nxf3 0-1

[Event "Vila de Poblenou op"]
[Site "Barcelona"]
[Date "2001.08.21"]
[Round "6.14"]
[White "Oms Fuentes, Lluis"]
[Black "Rocabert Andreu, Guillem A"]
[Result "1/2-1/2"]
[WhiteElo "2125"]
[BlackElo "2247"]
[PlyCount "49"]
[EventDate "2001.08.16"]
[EventType "swiss"]
[EventRounds "9"]
[EventCountry "ESP"]
[SourceTitle "EXT 2002"]
[Source "ChessBase"]
[SourceDate "2001.11.25"]
[SourceVersion "1"]
[SourceVersionDate "2001.11.25"]
[SourceQuality "1"]

1. e4 c6 2. d4 d5 3. e5 Bf5 4. g4 Bd7 5. Bg2 e6 6. Ne2 c5 7. c3 Nc6 8. 0-0 Nge7 9. Be3 h5 10. f3 Ng6 11. Nd2 cxd4 12. cxd4 Qb6 13. Bf2 Be7 14. a3 a6 15. b4 Na7 16. gxh5 Rxh5 17. Ng3 Rh8 18. Qc2 Rc8 19. Qb3 Bg5 20. Be3 Nf4 21. Rfc1 f6 22. Rxc8+ Nxc8 23. Kh1 Ne7 24. Bf1 Kf7 25. Rc1 1/2-1/2

[Event "Vila de Poblenou op"]
[Site "Barcelona"]
[Date "2001.08.19"]
[Round "4.19"]
[White "Rojas Fernandez, Andres"]
[Black "Rocabert Andreu, Guillem A"]
[Result "1/2-1/2"]
[WhiteElo "2110"]
[BlackElo "2247"]
[PlyCount "91"]
[EventDate "2001.08.16"]
[EventType "swiss"]
[EventRounds "9"]
[EventCountry "ESP"]
[SourceTitle "EXT 2002"]
[Source "ChessBase"]
[SourceDate "2001.11.25"]
[SourceVersion "1"]
[SourceVersionDate "2001.11.25"]
[SourceQuality "1"]

1. e4 Nf6 2. e5 Nd5 3. d4 d6 4. c4 Nb6 5. exd6 cxd6 6. Nc3 g6 7. Be3 Bg7 8. Bd3 0-0 9. Nge2 Nc6 10. 0-0 Nb4 11. b3 Nxd3 12. Qxd3 Bf5 13. Qd2 e5 14. d5 Bd7 15. f4 Re8 16. fxe5 Bxe5 17. Bg5 f6 18. Bh4 Rf8 19. Rac1 Qe7 20. a4 Rae8 21. Rfe1 Qg7 22. Nb5 Nc8 23. Nc7 Re7 24. Nd4 g5 25. Bf2 Rff7 26. Nce6 Qg6 27. Nd8 Rf8 28. Nxb7 f5 29. c5 Qh6 30. Nf3 Bf4 31. Be3 Rxe3 32. Rxe3 g4 33. Rce1 gxf3 34. g3 Bxe3+ 35. Qxe3 Qxe3+ 36. Rxe3 dxc5 37. Nxc5 Rd8 38. Nxd7 Rxd7 39. Re8+ Kg7 40. Rxc8 Rxd5 41. Rc7+ Kg6 42. Rxa7 Rd2 43. b4 Rg2+ 44. Kf1 Rxh2 45. Rb7 Ra2 46. Ra7 1/2-1/2

[Event "ESP-ch"]
[Site "Barcelona"]
[Date "2000.08.24"]
[Round "6"]
[White "Rocabert Andreu, Guillem A"]
[Black "Gonzalez Manchon, Juan Miguel"]
[Result "1/2-1/2"]
[WhiteElo "2277"]
[BlackElo "2060"]
[PlyCount "33"]
[EventDate "2000.08.18"]
[EventType "swiss"]
[EventRounds "9"]
[EventCountry "ESP"]
[SourceTitle "CBM 077 Extra"]
[Source "ChessBase"]
[SourceDate "2000.09.14"]
[SourceVersion "1"]
[SourceVersionDate "2000.09.14"]
[SourceQuality "1"]

1. d4 d5 2. c4 Bf5 3. cxd5 Bxb1 4. Qa4+ Qd7 5. Qxd7+ Nxd7 6. Rxb1 Ngf6 7. f3 Nxd5 8. a3 e5 9. e4 N5f6 10. d5 Bc5 11. Bb5 a6 12. Bxd7+ Kxd7 13. Ke2 Rac8 14. Be3 Bxe3 15. Kxe3 c6 16. dxc6+ Rxc6 17. Ne2 1/2-1/2

[Event "Montcada op"]
[Site "Montcada"]
[Date "1999.??.??"]
[Round "9"]
[White "Alonso Moyano, Jonathan"]
[Black "Rocabert Andreu, Guillem A"]
[Result "0-1"]
[WhiteElo "2208"]
[BlackElo "2260"]
[PlyCount "67"]
[EventDate "1999.??.??"]
[EventType "swiss"]
[EventRounds "9"]
[EventCountry "ESP"]
[SourceTitle "EXT 2002"]
[Source "ChessBase"]
[SourceDate "2001.11.25"]
[SourceVersion "1"]
[SourceVersionDate "2001.11.25"]
[SourceQuality "1"]

1. e4 e5 2. Nf3 Nf6 3. Nc3 Bb4 4. Bc4 0-0 5. 0-0 d6 6. d3 h6 7. Ne2 c6 8. Bb3 Re8 9. c3 Ba5 10. Ng3 d5 11. Qe2 Nbd7 12. Nh4 Nxe4 13. dxe4 Qxh4 14. exd5 Nf6 15. dxc6 bxc6 16. Bc2 e4 17. Re1 Bb6 18. Be3 Bc7 19. Nf1 Ng4 20. g3 Qh3 21. f3 exf3 22. Qxf3 Nxe3 23. Nxe3 Bb6 24. Kh1 Qd7 25. Rad1 Qb7 26. Be4 Rxe4 27. Qxe4 Be6 28. Ng2 Bd5 29. Qe7 Qa6 30. Qa3 Qc8 31. Rd2 Qf5 32. Qb4 Rf8 33. c4 Ba5 34. g4 0-1

[Event "Castellar op"]
[Site "Castellar"]
[Date "1999.??.??"]
[Round "2"]
[White "Campos Moreno, Javier B"]
[Black "Rocabert Andreu, Guillem A"]
[Result "1-0"]
[WhiteElo "2484"]
[BlackElo "2263"]
[PlyCount "57"]
[EventDate "1999.11.??"]
[EventType "swiss"]
[EventRounds "9"]
[EventCountry "ESP"]
[SourceTitle "CBM 073 Extra"]
[Source "ChessBase"]
[SourceDate "2000.01.11"]
[SourceVersion "1"]
[SourceVersionDate "2000.01.11"]
[SourceQuality "1"]

1. d4 d5 2. c4 c6 3. Nf3 e6 4. Qc2 Nf6 5. Bg5 h6 6. Bh4 Nbd7 7. e3 Be7 8. Nc3 0-0 9. Bd3 dxc4 10. Bxc4 b5 11. Be2 Bb7 12. 0-0 a6 13. Rfd1 Rc8 14. Ne5 g5 15. Bg3 c5 16. dxc5 Rxc5 17. b4 Rc8 18. Qb2 Qe8 19. a4 Nxe5 20. Bxe5 Nd7 21. Bd6 bxa4 22. Nxa4 Bf6 23. Qb1 Bxa1 24. Qxa1 Rc2 25. Bd3 Rc6 26. Bxf8 Nxf8 27. Nc5 Bc8 28. Bc4 Rb6 29. Qf6 1-0